<?xml version="1.0" encoding="UTF-8"?>
<record
    xmlns:xsi="http://www.w3.org/2001/XMLSchema-instance"
    xsi:schemaLocation="http://www.loc.gov/MARC21/slim http://www.loc.gov/standards/marcxml/schema/MARC21slim.xsd"
    xmlns="http://www.loc.gov/MARC21/slim">

  <leader>01099nam a22002657a 4500</leader>
  <controlfield tag="005">2011080406576.0</controlfield>
  <controlfield tag="008">090728t        xxu||||| |||| 00| 0 pun d</controlfield>
  <datafield tag="010" ind1=" " ind2=" ">
    <subfield code="a">PUN-7012</subfield>
  </datafield>
  <datafield tag="020" ind1=" " ind2=" ">
    <subfield code="c">35.00</subfield>
    <subfield code="a">9788123761527</subfield>
  </datafield>
  <datafield tag="035" ind1=" " ind2=" ">
    <subfield code="a">PN-6130</subfield>
  </datafield>
  <datafield tag="037" ind1=" " ind2=" ">
    <subfield code="b">DBAD / PUB</subfield>
  </datafield>
  <datafield tag="040" ind1=" " ind2=" ">
    <subfield code="a">dpl</subfield>
    <subfield code="b">pn</subfield>
  </datafield>
  <datafield tag="082" ind1=" " ind2=" ">
    <subfield code="a">&#xA15;</subfield>
  </datafield>
  <datafield tag="100" ind1=" " ind2=" ">
    <subfield code="9">24414</subfield>
    <subfield code="a">&#xA28;&#xA3E;&#xA17;&#xA30;&#xA3E;&#xA1C;&#xA28;, &#xA2A;&#xA4D;&#xA30;&#xA3F;&#xA2F;&#xA3E;</subfield>
  </datafield>
  <datafield tag="245" ind1=" " ind2=" ">
    <subfield code="a">&#xA28;&#xA4B;&#xA28;&#xA3E; &#xA05;&#xA24;&#xA47; &#xA2C;&#xA3E;&#xA30;&#xA3F;&#xA38;&#xA3C; /</subfield>
    <subfield code="c">&#xA2A;&#xA4D;&#xA30;&#xA3F;&#xA2F;&#xA3E; &#xA28;&#xA3E;&#xA17;&#xA30;&#xA3E;&#xA1C;&#xA28;, &#xA2E;&#xA28;&#xA35;&#xA3F;&#xA70;&#xA26;&#xA30; &#xA15;&#xA4B;&#xA30;  &#xA26;&#xA4D;&#xA35;&#xA3E;&#xA30;&#xA3E; &#xA05;&#xA28;&#xA41;&#xA26;&#xA3F;&#xA24;</subfield>
  </datafield>
  <datafield tag="246" ind1=" " ind2=" ">
    <subfield code="a">Nona and the Rain</subfield>
    <subfield code="b">by Priya Nagarajan</subfield>
  </datafield>
  <datafield tag="260" ind1=" " ind2=" ">
    <subfield code="a">New Delhi</subfield>
    <subfield code="b">National Book Trust</subfield>
    <subfield code="c">2011</subfield>
  </datafield>
  <datafield tag="270" ind1=" " ind2=" ">
    <subfield code="a">Nehru Bhawan,5 , Instiutional Area Phase-2, Vasant Kunj,</subfield>
    <subfield code="b">New Delhi</subfield>
    <subfield code="e">110070</subfield>
  </datafield>
  <datafield tag="300" ind1="4" ind2=" ">
    <subfield code="a">24&#xA38;&#xA2B;&#xA47;.</subfield>
    <subfield code="c">24&#xA38;&#xA47;&#xA02;&#xA2E;&#xA40; (&#xA05;&#xA1C;&#xA3F;&#xA32;&#xA71;&#xA26;)</subfield>
  </datafield>
  <datafield tag="600" ind1=" " ind2=" ">
    <subfield code="9">31401</subfield>
  </datafield>
  <datafield tag="650" ind1=" " ind2=" ">
    <subfield code="9">24431</subfield>
  </datafield>
  <datafield tag="700" ind1=" " ind2=" ">
    <subfield code="a">&#xA2E;&#xA28;&#xA35;&#xA3F;&#xA70;&#xA26;&#xA30; &#xA15;&#xA4B;&#xA30; </subfield>
    <subfield code="9">33257</subfield>
  </datafield>
  <datafield tag="942" ind1=" " ind2=" ">
    <subfield code="2">ddc</subfield>
    <subfield code="c">PN</subfield>
    <subfield code="h">&#xA15;</subfield>
    <subfield code="m">&#xA28;&#xA3E;&#xA17;&#xA30;&#xA3E;</subfield>
  </datafield>
  <datafield tag="999" ind1=" " ind2=" ">
    <subfield code="c">55748</subfield>
    <subfield code="d">55748</subfield>
  </datafield>
  <datafield tag="952" ind1=" " ind2=" ">
    <subfield code="0">0</subfield>
    <subfield code="1">0</subfield>
    <subfield code="2">ddc</subfield>
    <subfield code="4">0</subfield>
    <subfield code="7">0</subfield>
    <subfield code="8">FIC</subfield>
    <subfield code="a">DBAD</subfield>
    <subfield code="b">DBAD</subfield>
    <subfield code="d">2011-08-23</subfield>
    <subfield code="e">DBAD/PUB</subfield>
    <subfield code="g">35.00</subfield>
    <subfield code="l">0</subfield>
    <subfield code="o">&#xA15; &#xA28;&#xA3E;&#xA17;&#xA30;&#xA3E;</subfield>
    <subfield code="p">PN-6130</subfield>
    <subfield code="r">2011-08-23 00:00:00</subfield>
    <subfield code="t">1</subfield>
    <subfield code="v">35.00</subfield>
    <subfield code="w">2011-08-23</subfield>
    <subfield code="y">PN</subfield>
  </datafield>
</record>
